Manchester United Squad 25/26 - Statistics

General Stats
  • This quiz has been taken 151 times
    92 since last reset
  • The average score is 18 of 26
Answer Stats
# Nation Former Club Answer % Correct
8 Portugal Sporting Bruno Fernandes
97%
30 Slovenia Leipzig Benjamin Sesko
95%
19 Cameroon Brentford Bryan Mbeumo
95%
18 Brazil Real Madrid Casemiro
95%
5 England Leicester City Harry Maguire
94%
10 Brazil Wolves Matheus Cunha
92%
4 Netherlands Bayern Matthijs de Ligt
91%
3 Morocco Bayern Noussair Mazraoui
86%
2 Portugal FC Porto Diogo Dalot
80%
37 England Youth Kobbie Mainoo
77%
15 France Lille Leny Yoro
77%
6 Argentina Ajax Lisandro Martinez
77%
25 Uruguay PSG Manuel Ugarte
75%
16 Ivory Coast Atalanta Amad Diallo
72%
11 Netherlands Bologna Joshua Zirkzee
69%
23 England Southampton Luke Shaw
69%
31 Belgium Royal Antwerp Senne Lammens
69%
13 Denmark Lecce Patrick Dorgu
67%
1 Turkey Fenerbahce Altay Bayindir
66%
7 England Chelsea Mason Mount
66%
12 Netherlands Feyenoord Tyrell Malacia
56%
26 England Youth Ayden Heaven
50%
35 Paraguay Cerro Porteno Diego Leon
36%
22 England Aston Villa Tom Heaton
33%
32 England Youth Chido Obi
31%
41 England Youth Harry Amass
14%
No matching quizzes found
Score Distribution
Percent of People with Each Score
Percentile by Number Answered
Your Score History
You have not taken this quiz since the last reset